| 000 | 01643nam a22002537a 4500 | ||
|---|---|---|---|
| 999 |
_c63899 _d63899 |
||
| 003 | Ge_BSU | ||
| 005 | 20260216160031.0 | ||
| 008 | 260216s2003 ge ||||| |||| 00| 0 geo d | ||
| 020 | _a9992806370 | ||
| 041 | _ageo | ||
| 080 | _a338(100)(075.8) მ-80 | ||
| 100 |
_aმოვსესიანი, ა.გ. _96711 |
||
| 245 |
_aმსოფლიო ეკონომიკა : _b[სახელმძღვანელო. ტ. 1 / _cა.გ. მოვსესიანი, ს.ბ. ოგნივცევი; [სარედ. კოლ.: შოთა ვეშაპიძე, ნანა ასლამაზიშვილი, ეკა ლეკაშვილი და სხვ]; რუს. თარგმნა შოთა ვეშაპიძემ. |
||
| 264 |
_aთბილისი : _bსოც.-ეკონ. ინ-ტი, _c 2003. |
||
| 300 |
_a568 გვ.; _b21 სმ. |
||
| 653 | _aმსოფლიო ეკონომიკის სახელმძღვანელოები | ||
| 700 |
_aოგნივცევი, ს.ბ. _eავტორი _96712 |
||
| 700 |
_aვეშაპიძე, შოთა _eმთარგმნელი _926895 |
||
| 700 |
_aვეშაპიძე, შოთა _eრედაქტორი _926895 |
||
| 700 |
_aასლამაზიშვილი, ნანა _eრედაქტორი _926896 |
||
| 700 |
_aლეკაშვილი, ეკა _eრედაქტორი _95020 |
||
| 856 |
_uhttps://dspace.nplg.gov.ge/bitstream/1234/495111/1/Msoflio_Ekonomika_2003_Tomi_I.pdf _yელ. ვერსია |
||
| 942 |
_2udc _cᲬᲘᲒᲜᲘ |
||